Luz de gas (Record no. 77386)

MARC details
000 -LEADER
campo de control de longitud fija 00696nam a2200217 i 4500
001 - NÚMERO DE CONTROL
campo de control 77386
003 - IDENTIFICADOR DE NÚMERO DE CONTROL
campo de control ES-MaACL
005 - FECHA Y HORA DE LA ÚLTIMA TRANSACCIÓN
campo de control 20230906173202.0
007 - CAMPO FIJO DE DESCRIPCIÓN FÍSICA--INFORMACIÓN GENERAL
campo de control de longitud fija t|
008 - DATOS DE LONGITUD FIJA--INFORMACIÓN GENERAL
campo de control de longitud fija 041008s1947 sp ||||1| spa d
100 1# - ENTRADA PRINCIPAL--NOMBRE DE PERSONA
Nombre de persona Hamilton, Patrick.
9 (RLIN) 61663
245 10 - MENCIÓN DEL TÍTULO
Título Luz de gas
Resto del título : un guiñol victoriano /
Mención de responsabilidad, etc. por Patrick Hamilton ; [traducción del inglés por Luis Ignacio Bertrán].
250 ## - MENCION DE EDICION
Mención de edición [1ª ed.].
260 ## - PUBLICACIÓN, DISTRIBUCIÓN, ETC.
Lugar de publicación, distribución, etc. Barcelona :
Nombre del editor, distribuidor, etc. José Janés,
Fecha de publicación, distribución, etc. [1947] (
Fabricante Bachs)
300 ## - DESCRIPCIÓN FÍSICA
Extensión 155 p. ;
Dimensiones 17 cm.
490 1# - MENCIÓN DE SERIE
Mención de serie Manantial que no cesa
700 1# - ENTRADA AGREGADA--NOMBRE PERSONAL
Nombre de persona Bertrán, Luis Ignacio.
9 (RLIN) 28496
830 0# - PUNTO DE ACCESO ADICIONAL DE SERIE-TÍTULO UNIFORME
Título uniforme Manantial que no cesa
9 (RLIN) 181138
852 ## - LOCALIZACIÓN
Ubicación ES-MaACL
Número de control de estantería B-12970
Sublocalización o colección R.27359
Holdings
Estatus retirado Estado de pérdida Estado de daño No para préstamo Biblioteca de origen Biblioteca actual Ubicación en estantería Fecha de adquisición Fuente de adquisición Total de préstamos Signatura topográfica completa Código de barras Visto por última vez Precio de reemplazo Tipo de ítem Koha
        Biblioteca del Ateneo de Madrid Biblioteca del Ateneo de Madrid Sala Pardo Bazán 17/01/2008     B-12970 1080967 23/02/2023 23/02/2023 Libro impreso